Δρώμενα πληκτρολογίου : αρχιτεκτονική και πληροφορία : μία εισαγωγή στο physical computing
Αποθηκεύτηκε σε:
| Κύριος συγγραφέας: | |
|---|---|
| Άλλοι συγγραφείς: | |
| Μορφή: | Βιβλίο |
| Γλώσσα: | Greek |
| Δημοσίευση: |
Αθήνα :
Futura,
c2011.
|
| Θέματα: | |
| Ετικέτες: |
Προσθήκη ετικέτας
Δεν υπάρχουν, Καταχωρήστε ετικέτα πρώτοι!
|
MARC
| LEADER | 00000cam a2200000 i 4500 | ||
|---|---|---|---|
| 001 | 1/50721 | ||
| 008 | 140703s2011 gr | ||| |||| ||gre|| | ||
| 020 | |a 9789609489195 | ||
| 035 | |l 10118209 | ||
| 040 | |a GR-MyUA |b gre |e AACR2 | ||
| 041 | 0 | |a gre | |
| 082 | 0 | |a 720.285 |2 (23) | |
| 100 | 1 | |a Κοέν, Ααρών. | |
| 245 | 1 | 0 | |a Δρώμενα πληκτρολογίου : |b αρχιτεκτονική και πληροφορία : μία εισαγωγή στο physical computing / |c Ααρών Κοέν, Άγγελος Φλώρος. |
| 260 | |a Αθήνα : |b Futura, |c c2011. | ||
| 300 | |a 295 σ. : |b εικ. ; |c 24 εκ. | ||
| 500 | |a Κυκλοφόρησε σε συνεργασία με το Τμήμα Αρχιτεκτόνων του Παν. Θεσσαλίας. | ||
| 650 | 0 | 0 | |a Architecture |x Data processing. |
| 650 | 0 | 0 | |a Architecture |x Computer-aided design. |
| 650 | 0 | 0 | |a Architecture and technology. |
| 650 | 0 | 0 | |a Description logics. |
| 650 | 0 | 0 | |a Knowledge representation (Information theory) |
| 700 | 1 | |a Φλώρος, Άγγελος. | |
| 852 | |a INST |b CHIOS |e 20150825 |h 720.285 ΚΟΕ |p 005200037605 |q 005200037605 |t BK |y 0 | ||
| 852 | |a INST |b LESVOS |e 20150309 |h 006.332 ΚΟΕ |p 005100056489 |q 005100056489 |t BK |y 0 | ||
| 852 | |a INST |b RHODES |e 20150302 |h 720.285 ΚΟΕ |p 005400037654 |q 005400037654 |t BK |y 0 | ||
| 852 | |a INST |b SAMOS |e 20160602 |h 720.285 ΚΟΕ |p 005300043593 |q 005300043593 |t BK |y 0 | ||
| 852 | |a INST |b SYROS |e 20140703 |h 720.285 ΚΟΕ |p 005500010937 |q 005500010937 |t BK |y 0 | ||
| 852 | |a INST |b SYROS |e 20140703 |h 720.285 ΚΟΕ |p 005500010938 |q 005500010938 |t BK |y 0 | ||
| 901 | |a BIBL5-2014-2 | ||
| 901 | |a BIBL4-2015-1 | ||
| 901 | |a BIBL1-2015-1 | ||
| 909 | |a Ε |b 186972 | ||
| 909 | |a Ε |b 186973 | ||
| 909 | |a Ρ |b 183971 | ||
| 909 | |a Λ |b 192956 | ||
| 970 | |a ΤΣΟΥΚΑΛΑ |b ΑΛΙΚΗ |z 2014/07/ | ||